000 01004cam a22002894a 4500
999 _c3871
_d3871
001 12429878
003 OSt
005 20200206090849.0
008 010604s2002 nyua b 001 0 eng
010 _a 2001040270
020 _a0716738635 (cloth)
040 _aDLC
_cDLC
_dDLC
042 _apcc
050 0 0 _aQP31.2
_b.R36 2002
082 0 0 _a571.1 RAN 2002
_221
100 1 _aRandall, David J.; Burggren, Warren W.; French, Kathleen
_98489
245 1 0 _aEckert Animal Physiology:
_bmechanisms and adaptations
246 3 0 _aAnimal physiology
250 _aEd. 5
260 _aNew York :
_bW.H. Freeman and Co.,
_c2002.
300 _axvii, 736, [56] p. :
_bcol.ill;
_c29 cm.
504 _aIncludes bibliographical references and index.
650 0 _aAnimal physiology.
_9215
906 _a7
_bcbc
_corignew
_d1
_eocip
_f20
_gy-gencatlg
942 _2ddc
_cSLOAN